000 00447nam a2200145Ia 4500
008 220204s9999 xx 000 0 und d
082 _a338.43.02(73)
_bCLA
100 _aClarke, Sally H
245 0 _aregulation and the revolution in United States farm productivity
260 _aNew York
_bCambridge University Press
_c1994
650 _aAgriculture and the organization
650 _aMarket regulation
650 _aPower farming
942 _cBK
999 _c40968
_d40968